00267nam a2200109Ia 4500008004100000100002800041245001800069260003000087650001600117942000700133999001700140190216s9999||||xx |||||||||||||| ||und|| aManikya Vachakan Pillai 0aPure Geometry bNational Publishing House aMathematics cBK c30558d30558